| 000 | 00404nam a22001577a 4500 | ||
|---|---|---|---|
| 003 | OSt | ||
| 008 | 250220b |||||||| |||| 00| 0 eng d | ||
| 020 | _a9 790070 402118 | ||
| 041 | _aeng | ||
| 082 |
_a005.133 _bBAL/OB |
||
| 100 |
_aBalaguruswamy, E _9221 |
||
| 245 | _aObject Oriented Programming with C++ | ||
| 250 | _a2nd 12th Reprint | ||
| 260 |
_aNew Delhi: _bTata McGraw Hill, _c2001. |
||
| 942 | _cBK | ||
| 999 |
_c19418 _d19418 |
||